000 00858cam a2200325 4500500
005 20260329003014.0
041 _afre
042 _adc
100 1 0 _aWebb, Samuel
_eauthor
245 0 0 _aLes métamorphoses de Narcisse
260 _c2014.
500 _a7
690 _aAltérité
690 _aAntiquité
690 _aCharles Delatre
690 _aÉcho
690 _aGrèce
690 _aIndividu
690 _aIndividualisme
690 _aMartin Legros
690 _aMétamorphoses
690 _aMiroir
690 _aMythe
690 _aNarcisse
690 _aNarcissisme
690 _aOvide
690 _aS’aimer soi-même
786 0 _nPhilosophie magazine | 80 | 6 | 2014-06-01 | p. 24-26 | 1951-1787
856 4 1 _uhttps://shs.cairn.info/magazine-philosophie-magazine-2014-6-page-24?lang=fr&redirect-ssocas=7080
999 _c1820441
_d1820441